000 00731npc a2200205Ia 4500
001 dg47-2456 [d000002585]
003 IT-MiCISF
005 20230326233045.0
008 161014s9999||||xx | und||
040 _aIT-MiCISF
_cIT-MiCISF
041 _ait
100 _aAssessorato ai Servizi Sociali, Igiene Sanità ed Emarginazione
_959806
245 0 _aInterventi e realizzazioni dei settori servizi sociali, igiene e sanità, emarginazione 1993-1995
260 _aMilano,
_bComune di Milano,
_c1995
300 _app. 120
500 _a servizi-sociali, servizi-sanitari, aids, tossicodipendenza, anziani, handicap, giovani, territorio
650 _aservizi-alla-persona
_959807
942 _cDD
_2ddc
999 _c207459
_d207459
999 _bsi